00461 2200169 4500001002100000005001500021035002000036007000300056008004100059020001400100082000800114084001400122100002200136245006400158260002800222300004100250INLIS00000000000177820240206092801 a0010-0224000026ta240206 g 0 ind  a0126-4273 a050 a050 TIM m0 aTim Redaksi Tempo1 aMajalah Tempo: Pamer Pamor Serdadu Tua /cTim Redaksi Tempo aJakarta :bTempo,c2023 a90 hlm. :bilust. ;c21 cm x 27,5 cm